[Event "Politiken Cup"]
[Site "Helsingor DEN"]
[Date "2009.07.18"]
[Round "1"]
[White "Ask,J"]
[Black "Hansen,Herb"]
[Result "1-0"]
[WhiteElo "2191"]
[BlackElo "1832"]
[EventDate "2009.07.18"]

1. e4 e5 2. Nf3 Nc6 3. Bb5 Nge7 4. Nc3 Ng6 5. d4 exd4 6. Nxd4 Bc5 7. Nb3
Bb6 8. h4 h6 9. h5 Qf6 10. Qd2 Nge7 11. Qf4 Qxf4 12. Bxf4 O-O 13. f3 d6 14.
g4 Ne5 15. Be2 Bd7 16. O-O-O Rad8 17. Rh2 Be6 18. g5 Kh7 19. Nd4 Bxd4 20.
Rxd4 N7c6 21. Rd1 f5 22. Be3 fxe4 23. fxe4 Ng4 24. Bxg4 Bxg4 25. Rg1 Rf3
26. Rxg4 Rxe3 27. gxh6 Kxh6 28. Rg6+ Kh7 29. Rhg2 Rd7 30. h6 Ne5 31. Rxg7+
Kxh6 32. Rg8 Kh7 33. Nd5 Rf3 34. Re8 Rdf7 35. b3 c6 36. Rh2+ Kg7 37. Ne7
Nd3+ 38. cxd3 Rf1+ 39. Kd2 R7f2+ 40. Rxf2 Rxf2+ 41. Ke3 Rxa2 42. Nf5+ 1-0

[Event "Politiken Cup"]
[Site "Helsingor DEN"]
[Date "2009.07.18"]
[Round "1"]
[White "Andersen,Cl"]
[Black "Laursen,N1"]
[Result "0-1"]
[WhiteElo "1829"]
[BlackElo "2191"]
[EventDate "2009.07.18"]

1. d4 Nf6 2. c4 c5 3. Nf3 cxd4 4. Nxd4 b6 5. Nc3 Bb7 6. f3 d6 7. e4 e6 8.
Be3 a6 9. Be2 Qc7 10. Rc1 Be7 11. O-O O-O 12. Qd2 Re8 13. Rfd1 Nbd7 14. b3
Rac8 15. g4 Nf8 16. g5 N6d7 17. f4 Qd8 18. Bf3 Ng6 19. Nde2 Nc5 20. Ng3 Bf8
21. Kf2 Qc7 22. Rh1 Nh4 23. Bg4 Qb8 24. Rhd1 Qa8 25. Bxc5 Rxc5 26. Qd3 Ng6
27. Nge2 b5 28. cxb5 axb5 29. Bf3 Rec8 30. Kg3 Qb8 31. h4 e5 32. f5 Nf4 33.
Nxf4 exf4+ 34. Kg4 Qa8 35. Qd2 Re5 36. Kxf4 Rce8 37. Qd3 b4 38. Nd5 Bxd5
39. exd5 Qxa2 40. Rc2 Qa7 41. Qd4 Qd7 42. Qd3 Qe7 43. Qd4 Re3 44. Rd3 Re1
45. Rc4 Qe5+ 46. Kg4 Qh2 47. Rd1 R8e3 48. Qf4 Qg1+ 0-1

[Event "Politiken Cup"]
[Site "Helsingor DEN"]
[Date "2009.07.18"]
[Round "1"]
[White "Rossen,C"]
[Black "Lyngsjo,G"]
[Result "1-0"]
[WhiteElo "2188"]
[BlackElo "1829"]
[EventDate "2009.07.18"]

1. e4 d6 2. d4 Nf6 3. Nc3 g6 4. Bg5 Bg7 5. e5 Nfd7 6. f4 f6 7. exf6 Nxf6 8.
Bc4 c6 9. Nf3 b5 10. Bxf6 Bxf6 11. Bb3 Bg4 12. h3 Bh4+ 13. Kd2 Bxf3 14.
Qxf3 Qd7 15. Rad1 Na6 16. Nxb5 Rb8 17. Nc3 Kd8 18. Kc1 Rf8 19. g3 Bf6 20.
Ne4 Kc7 21. Rhe1 Qf5 22. Nxf6 Qxf6 23. Re6 Qg7 24. Rde1 Rfe8 25. Qe2 Kb6
26. Rxe7 Rxe7 27. Qxe7 Qxd4 28. Rd1 Qf2 29. Rxd6 Qxg3 30. Qe4 Qg1+ 31. Rd1
Qf2 32. Ba4 Rc8 33. c3 Nc5 34. Qb4+ Ka6 35. Bc2 Rc7 36. b3 Rb7 37. Qa3+ Kb6
38. b4 Qe3+ 39. Kb2 Kc7 40. Qa5+ Rb6 41. Rd4 Na6 42. Qg5 Rb8 43. Re4 Qd2
44. Re7+ Kc8 45. Qe5 Rxb4+ 46. cxb4 Qxb4+ 1-0

[Event "Politiken Cup"]
[Site "Helsingor DEN"]
[Date "2009.07.18"]
[Round "1"]
[White "Frisvold,O"]
[Black "Sinkbaek,A"]
[Result "1/2-1/2"]
[WhiteElo "1827"]
[BlackElo "2186"]
[EventDate "2009.07.18"]

1. d4 Nf6 2. c4 g6 3. Nc3 Bg7 4. e4 d6 5. Nf3 O-O 6. Be2 e5 7. d5 Nbd7 8.
Bg5 h6 9. Bh4 g5 10. Bg3 Nh5 11. Qd2 Nf4 12. Bxf4 exf4 13. h4 Ne5 14. hxg5
hxg5 15. O-O-O Nxf3 16. gxf3 a6 17. Rdg1 Be5 18. Rh5 f6 19. Qe1 Qe7 20.
Rgh1 Qg7 21. R1h2 Rf7 22. Qh1 f5 23. Qg1 g4 24. fxg4 Bxc3 25. bxc3 Qxc3+
26. Kb1 Qb4+ 27. Ka1 Qc3+ 28. Kb1 Qb4+ 29. Ka1 Qc3+ 1/2-1/2

[Event "Politiken Cup"]
[Site "Helsingor DEN"]
[Date "2009.07.18"]
[Round "1"]
[White "Engelbert,C"]
[Black "Ostlund,M"]
[Result "1-0"]
[WhiteElo "2185"]
[BlackElo "1827"]
[EventDate "2009.07.18"]

1. e4 e6 2. d4 d5 3. exd5 exd5 4. Nf3 Bd6 5. c4 Nf6 6. Nc3 Qe7+ 7. Be2 dxc4
8. O-O c6 9. Bxc4 O-O 10. Bg5 Bg4 11. h3 Bh5 12. Re1 Qc7 13. Bxf6 gxf6 14.
Ne4 Be7 15. g4 Bg6 16. Nh4 Nd7 17. Qf3 c5 18. Nf5 Bxf5 19. Qxf5 cxd4 20.
Bd3 Rfe8 21. Rac1 Qb6 22. Qxd7 1-0

[Event "Politiken Cup"]
[Site "Helsingor DEN"]
[Date "2009.07.18"]
[Round "1"]
[White "Torkilseng,R"]
[Black "Kaaber,J"]
[Result "0-1"]
[WhiteElo "1824"]
[BlackElo "2184"]
[EventDate "2009.07.18"]

1. b3 e5 2. Bb2 Nc6 3. e3 Nf6 4. Bb5 Bd6 5. Ne2 Qe7 6. Ng3 g6 7. Nc3 Ba3 8.
Bxa3 Qxa3 9. O-O a6 10. Qf3 Qe7 11. Bxc6 dxc6 12. Nge4 Nxe4 13. Nxe4 f5 14.
Nc3 Be6 15. Rfd1 O-O-O 16. a3 g5 17. b4 g4 18. Qe2 f4 19. exf4 exf4 20. Re1
Rhe8 21. d3 Qf7 22. Ne4 Bf5 23. f3 g3 24. h3 Qd5 25. Kh1 Re6 26. Red1 Rh6
27. Qf1 Bxh3 28. gxh3 Qf5 29. Kg1 Rf8 30. Rd2 Rxh3 31. Qg2 Qh5 32. Re1 Rh2
33. Qxh2 gxh2+ 34. Rxh2 Qxf3 35. Rg2 Qh5 36. Rg5 Qh4 37. Rf1 f3 38. Rf2 b6
39. a4 Rf7 40. Rg3 Qh5 41. Rg5 Qh6 42. c3 Rg7 43. Rxg7 Qxg7+ 44. Kh2 Qe5+
45. Kg1 Qf4 46. Nd2 Qg5+ 47. Kf1 Qe3 48. Nxf3 Qxd3+ 0-1

[Event "Politiken Cup"]
[Site "Helsingor DEN"]
[Date "2009.07.18"]
[Round "1"]
[White "Eriksson,C"]
[Black "Moe,P"]
[Result "1-0"]
[WhiteElo "2181"]
[BlackElo "1820"]
[EventDate "2009.07.18"]

1. e4 c5 2. c3 d5 3. exd5 Qxd5 4. d4 Nf6 5. Nf3 e6 6. Na3 a6 7. Nc4 Qd8 8.
a4 cxd4 9. Nxd4 Be7 10. a5 Nbd7 11. Be2 O-O 12. O-O Nd5 13. Bf3 Qc7 14.
Bxd5 exd5 15. Nf5 dxc4 16. Nxe7+ Kh8 17. Nd5 Qc6 18. Qd4 Nc5 19. Ne7 Qb5
20. Bh6 Ne6 21. Bxg7+ Nxg7 22. Rae1 Be6 23. Qf6 Rae8 24. Re5 Qd7 25. Rg5
Rg8 26. Nxg8 Rxg8 27. h4 Qd6 28. Qf3 f6 29. Rg3 Nf5 30. Rd1 Qf8 31. Rxg8+
Kxg8 32. Qxb7 Ne7 33. Qb6 Kf7 34. Re1 Qc8 35. Qe3 Qd7 36. Qe2 Bg4 37. Qxc4+
Kg7 38. Qxa6 Nc6 39. Qb5 Qc8 40. a6 Ne5 41. Qb7+ Kg6 42. Qxc8 Bxc8 43. a7
Bb7 44. f4 Nd3 45. Re8 Nxf4 46. a8=Q Bxa8 47. Rxa8 Kf5 48. g3 Nd3 49. Rd8
Nxb2 50. Rd4 h5 51. Kf2 Ke5 52. Ke2 f5 53. Kd2 f4 54. gxf4+ Kf5 55. Kc2 1-0

[Event "Politiken Cup"]
[Site "Helsingor DEN"]
[Date "2009.07.18"]
[Round "1"]
[White "Jensen,By"]
[Black "Hvenekilde,J"]
[Result "0-1"]
[WhiteElo "1817"]
[BlackElo "2179"]
[EventDate "2009.07.18"]

1. e4 e5 2. Bc4 Nf6 3. d4 Nc6 4. Nf3 exd4 5. e5 d5 6. Bb5 Ne4 7. Nxd4 Bd7
8. Nxc6 bxc6 9. Bd3 Nc5 10. Bf4 Rb8 11. b3 Nxd3+ 12. Qxd3 Rb4 13. c4 Qc8
14. O-O dxc4 15. bxc4 Be6 16. Nd2 Be7 17. Be3 O-O 18. Rfc1 Rd8 19. Qa3 a6
20. c5 Rg4 21. Rab1 Bd5 22. f3 Rg6 23. Rb4 h5 24. Bf2 Bg5 25. Be1 Qf5 26.
Qxa6 Bxd2 27. Bxd2 Rxg2+ 0-1

[Event "Politiken Cup"]
[Site "Helsingor DEN"]
[Date "2009.07.18"]
[Round "1"]
[White "Wahlstrom,L"]
[Black "Ryberg,D"]
[Result "1-0"]
[WhiteElo "2179"]
[BlackElo "1815"]
[EventDate "2009.07.18"]

1. e4 c5 2. Nf3 Nc6 3. d4 cxd4 4. Nxd4 g6 5. Be2 Nf6 6. Nc3 Bg7 7. Nb3 d6
8. O-O O-O 9. Be3 Be6 10. f4 Na5 11. f5 Bc4 12. Nxa5 Bxe2 13. Qxe2 Qxa5 14.
Bd4 Rfe8 15. fxg6 hxg6 16. Rad1 Nd7 17. Qf2 Bxd4 18. Rxd4 Ne5 19. Rd5 Qb6
20. Qxb6 axb6 21. Rb5 Ra6 22. Nd5 Rxa2 23. Nxb6 Ng4 24. h3 Nf6 25. Re1 e6
26. Rb4 Re7 27. Rf1 Kg7 28. Nc8 Rd7 29. Nxd6 Rxd6 30. e5 Rd7 31. exf6+ Kh6
32. Rf3 g5 33. h4 Kg6 34. hxg5 Ra5 35. Rd3 Rc7 36. Rg3 Rxc2 37. Rxb7 Rxg5
38. Rxg5+ Kxg5 39. b4 Kxf6 40. b5 Rb2 41. b6 e5 42. Rb8 e4 43. b7 e3 44.
Kf1 Kf5 45. g3 f6 46. Ke1 Rb6 47. Ke2 Rb3 48. Kf3 Rb6 49. g4+ Kg5 50. Rg8+
Kh4 51. b8=Q Rxb8 52. Rxb8 e2 53. Rh8+ Kg5 54. Rh5+ Kg6 55. Kxe2 f5 56.
Rxf5 1-0

[Event "Politiken Cup"]
[Site "Helsingor DEN"]
[Date "2009.07.18"]
[Round "1"]
[White "Christensen,Ca"]
[Black "Wickstrom,L"]
[Result "0-1"]
[WhiteElo "1808"]
[BlackElo "2177"]
[EventDate "2009.07.18"]

1. Nf3 c5 2. e4 Nc6 3. d4 cxd4 4. Nxd4 e5 5. Nb5 d6 6. N1c3 a6 7. Na3 Be7
8. Be3 b5 9. Nd5 Rb8 10. c3 Nf6 11. Nxe7 Nxe7 12. f3 O-O 13. Bd3 Qc7 14.
Rc1 d5 15. exd5 Nexd5 16. Bf2 Nf4 17. g3 Nxd3+ 18. Qxd3 Bh3 19. Nc2 e4 20.
Qd2 exf3 21. Qf4 Rfe8+ 22. Be3 Qxf4 23. gxf4 Ng4 0-1

[Event "Politiken Cup"]
[Site "Helsingor DEN"]
[Date "2009.07.18"]
[Round "1"]
[White "Nilsson,Anders1"]
[Black "Larsen,Fi"]
[Result "1-0"]
[WhiteElo "2169"]
[BlackElo "1799"]
[EventDate "2009.07.18"]

1. d4 Nf6 2. c4 e6 3. Nc3 Bb4 4. e3 O-O 5. Nge2 d5 6. a3 Be7 7. Nf4 Bd6 8.
g3 c6 9. c5 Bc7 10. Nd3 Ne4 11. Bg2 Nxc3 12. bxc3 Nd7 13. f4 f5 14. a4 Nf6
15. Ba3 Ng4 16. Qd2 Rf7 17. O-O b6 18. Rfb1 h5 19. h3 Nf6 20. h4 Ba6 21.
Nb4 Bb7 22. Nd3 Ba6 23. Nf2 b5 24. Bf1 Qd7 25. Bb4 Bc8 26. axb5 cxb5 27.
Ba5 Qd8 28. Bxc7 Rxc7 29. Rxb5 Qe8 30. Be2 Bd7 31. Rb3 Ba4 32. Rb4 Bc6 33.
Qb2 Kh7 34. Rb1 Rcc8 35. Nh3 Kh6 36. Ng5 Ng4 37. Ba6 Rd8 38. Bb7 Bxb7 39.
Rxb7 Nxe3 40. Re1 Nc4 41. Qe2 e5 42. Nf7+ Kg6 43. Nxe5+ Nxe5 44. fxe5 Qe6
45. Ra1 1-0

[Event "Politiken Cup"]
[Site "Helsingor DEN"]
[Date "2009.07.18"]
[Round "1"]
[White "Andersen,G"]
[Black "Eriksson,Mag2"]
[Result "0-1"]
[WhiteElo "1794"]
[BlackElo "2160"]
[EventDate "2009.07.18"]

1. d4 Nf6 2. c4 Nc6 3. Nc3 e5 4. e3 Bb4 5. Nge2 d5 6. cxd5 Nxd5 7. a3 Be7
8. e4 Nxc3 9. bxc3 O-O 10. Be3 f5 11. exf5 exd4 12. Qb3+ Kh8 13. Rd1 Qe8
14. cxd4 Bxf5 15. Nc3 Qg6 16. Nd5 Bc2 17. Nxe7 Nxe7 18. Qb2 Bxd1 19. Kxd1
Rad8 20. Qc2 Qxc2+ 21. Kxc2 Nf5 22. Kc3 Rfe8 23. Bg5 Rd7 24. Bc4 Rxd4 25.
f3 c5 26. Bd2 Nd6 27. Bd3 b5 28. Re1 Rxe1 29. Bxe1 a5 30. Bf2 b4+ 31. axb4
axb4+ 32. Kc2 Rd5 33. Ba6 c4 34. Bg3 Ra5 35. Bxd6 b3+ 36. Kb1 Rxa6 37. Be5
Ra2 38. g4 Rf2 0-1

[Event "Politiken Cup"]
[Site "Helsingor DEN"]
[Date "2009.07.18"]
[Round "1"]
[White "Holst,C"]
[Black "Christiansen,Ni"]
[Result "1-0"]
[WhiteElo "2159"]
[BlackElo "1794"]
[EventDate "2009.07.18"]

1. d4 Nf6 2. c4 g6 3. Nc3 d5 4. Bg5 Ne4 5. Bh4 Nxc3 6. bxc3 Bg7 7. e3 c5 8.
cxd5 Qxd5 9. Nf3 cxd4 10. exd4 Nc6 11. Be2 Bf5 12. O-O O-O 13. Qb3 Qxb3 14.
axb3 a6 15. d5 Bxc3 16. dxc6 Bxa1 17. cxb7 Ra7 18. Rxa1 Rxb7 19. Nd4 Bc8
20. Bc4 Bd7 21. Bxe7 Re8 22. Bg5 Rb6 23. h3 Kg7 24. Be3 Rd6 25. Rxa6 Rxa6
26. Bxa6 Ra8 27. Bc4 Ra1+ 28. Kh2 f6 29. Ne6+ Bxe6 30. Bxe6 Rb1 31. Kg3 h6
32. Kf3 Re1 33. b4 Rb1 34. Bc5 f5 35. Ke2 Kf6 36. Bc4 Ke5 37. b5 g5 38. b6
h5 39. Kd2 h4 40. Kc2 Ra1 41. b7 1-0

[Event "Politiken Cup"]
[Site "Helsingor DEN"]
[Date "2009.07.18"]
[Round "1"]
[White "Jessen,E"]
[Black "Vanman,K"]
[Result "0-1"]
[WhiteElo "1793"]
[BlackElo "2158"]
[EventDate "2009.07.18"]

1. e4 c5 2. Nf3 d6 3. d4 cxd4 4. Nxd4 Nf6 5. Bd3 e5 6. Ne2 Be7 7. O-O O-O
8. Nbc3 a6 9. Re1 b5 10. Ng3 Nc6 11. Nf5 Bxf5 12. exf5 d5 13. Bf1 Qd7 14.
g4 d4 15. Ne4 Nxe4 16. Rxe4 f6 17. h3 Bc5 18. Bd3 Nb4 19. a3 Nxd3 20. Qxd3
Qd5 21. Re2 Rfe8 22. Qe4 Qxe4 23. Rxe4 Rac8 24. Bd2 Bb6 25. Rc1 Rc6 26. c3
Kf7 27. Kf1 Ke7 28. f4 Kd6 29. fxe5+ Rxe5 30. Rce1 Kd5 31. Rxe5+ fxe5 32.
Rd1 d3 33. Re1 e4 34. g5 Ke5 35. h4 Kxf5 36. h5 Rd6 37. b3 e3 0-1

[Event "Politiken Cup"]
[Site "Helsingor DEN"]
[Date "2009.07.18"]
[Round "1"]
[White "Kaster,M"]
[Black "Knudsen,Jo2"]
[Result "1-0"]
[WhiteElo "2154"]
[BlackElo "1787"]
[EventDate "2009.07.18"]

1. c4 e6 2. g3 d5 3. d4 Nf6 4. Bg2 c6 5. Nf3 Bd6 6. Nbd2 O-O 7. O-O Nbd7 8.
e4 dxe4 9. Ng5 e5 10. Ndxe4 Nxe4 11. Nxe4 Bc7 12. d5 cxd5 13. cxd5 Nf6 14.
Bg5 Bf5 15. Nxf6+ gxf6 16. Bh6 Re8 17. Qb3 Qd6 18. Rac1 Bb6 19. Qf3 Bd7 20.
Rc4 Bd4 21. Qh5 f5 22. Rc7 e4 23. Rxb7 Rab8 24. Bf4 Be5 25. Qg5+ Kh8 26.
Bxe5+ Rxe5 27. Rxd7 Qxd7 28. Qf6+ Kg8 29. Qxe5 Re8 30. Qd4 f4 31. gxf4 Qg4
32. Qe3 h5 33. Qg3 1-0

[Event "Politiken Cup"]
[Site "Helsingor DEN"]
[Date "2009.07.18"]
[Round "1"]
[White "Petersen,Stee1"]
[Black "Christensen,SvendI"]
[Result "1-0"]
[WhiteElo "2152"]
[BlackElo "1775"]
[EventDate "2009.07.18"]

1. e4 d6 2. d4 e6 3. Nc3 Be7 4. f4 Nf6 5. Nf3 c5 6. e5 dxe5 7. fxe5 Nd5 8.
Ne4 h6 9. c4 Nc7 10. dxc5 Qxd1+ 11. Kxd1 O-O 12. Be3 Bd7 13. b4 Rd8 14. Kc2
a6 15. a4 Nc6 16. Kb3 Ne8 17. Nd6 Rab8 18. b5 Bxd6 19. exd6 Na5+ 20. Kb4 b6
21. cxb6 Nb7 22. bxa6 Nbxd6 23. c5 Nc7 24. Rd1 Ne4 25. a7 Rb7 26. Bb5 Nd5+
27. Rxd5 exd5 28. Bxd7 Nxc5 29. Bxc5 Rbxd7 30. Ne5 Rb7 31. a5 1-0

[Event "Politiken Cup"]
[Site "Helsingor DEN"]
[Date "2009.07.18"]
[Round "1"]
[White "Caceres,C"]
[Black "Jiretorn,E"]
[Result "1/2-1/2"]
[WhiteElo "1766"]
[BlackElo "2150"]
[EventDate "2009.07.18"]

1. c4 c5 2. g3 Nc6 3. Bg2 e5 4. Nc3 g6 5. e3 Bg7 6. Nge2 Nge7 7. O-O O-O 8.
f4 d6 9. b3 f5 10. Bb2 e4 11. d4 cxd4 12. exd4 d5 13. c5 b6 14. cxb6 axb6
15. Re1 Ba6 16. Na4 Bb5 17. Bf1 Ra6 18. Qd2 Qd6 19. Nc1 Bxf1 20. Kxf1 g5
21. Ne2 Ng6 22. Kg1 gxf4 23. Nxf4 Bh6 24. Rf1 Bxf4 25. gxf4 Nh4 26. Kh1 Nf3
27. Qe3 Nb4 28. Ba3 b5 29. Bxb4 Qxb4 30. Nc5 Rh6 31. Rxf3 exf3 32. Rg1+ Rg6
33. Qe6+ Kh8 34. Qe5+ Rgf6 35. Nd7 Qd6 36. Nxf8 Qxe5 37. fxe5 Rxf8 38. Rf1
Kg7 39. Rxf3 Kg6 40. Kg2 f4 41. Rc3 b4 42. Rc6+ Kg5 43. Kf3 Ra8 44. h4+
Kxh4 45. Kxf4 h5 46. Rc1 Rf8+ 47. Ke3 Kg3 48. Rg1+ Kh2 49. Rg6 h4 50. Rf6
Rg8 51. e6 h3 52. e7 Re8 53. Rf7 Kg2 54. Rg7+ Kf1 55. Rh7 Kg2 56. Kf4 h2
57. Rg7+ Kf2 58. Rh7 Kg2 1/2-1/2

[Event "Politiken Cup"]
[Site "Helsingor DEN"]
[Date "2009.07.18"]
[Round "1"]
[White "Petkovic,P"]
[Black "Mouritsen,J"]
[Result "1-0"]
[WhiteElo "2149"]
[BlackElo "1758"]
[EventDate "2009.07.18"]

1. e4 e6 2. d4 d5 3. Nd2 Nf6 4. e5 Nfd7 5. Ngf3 c5 6. c3 Nc6 7. Bb5 Be7 8.
Qe2 O-O 9. h4 Re8 10. Bd3 g6 11. Nf1 cxd4 12. cxd4 Bb4+ 13. Kd1 Qb6 14. Be3
Nf8 15. N1h2 Bd7 16. Ng4 Be7 17. Nh6+ Kg7 18. Ng5 Nxd4 19. Qg4 Bc5 20. Rc1
Qxb2 21. Rxc5 Ba4+ 22. Ke1 Qb4+ 23. Kf1 Qxc5 24. Qf4 Qe7 25. Bxd4 Nd7 26.
Ng4 a6 27. h5 Bb5 28. Bxb5 axb5 29. hxg6 hxg6 30. Qf6+ Qxf6 31. exf6+ Kg8
32. Nh6+ 1-0

[Event "Politiken Cup"]
[Site "Helsingor DEN"]
[Date "2009.07.18"]
[Round "1"]
[White "Nielsen,Ni"]
[Black "Maechel,M"]
[Result "1-0"]
[WhiteElo "2145"]
[BlackElo "1731"]
[EventDate "2009.07.18"]

1. e4 e5 2. Nf3 d6 3. d4 Bg4 4. Bc4 h6 5. dxe5 Nd7 6. e6 fxe6 7. c3 Qf6 8.
Nbd2 O-O-O 9. h3 Bh5 10. Qa4 Kb8 11. Nd4 Nb6 12. Qa5 d5 13. Bb3 Be8 14. Bc2
Ne7 15. b4 Nc6 16. Nxc6+ Bxc6 17. b5 Bd7 18. O-O Bd6 19. Rb1 Rhf8 20. Ba3
Qe5 21. Bxd6 Qxd6 22. Qb4 Qxb4 23. Rxb4 c5 24. bxc6 Bxc6 25. e5 Nc4 26. Nf3
a5 27. Rbb1 Rxf3 28. gxf3 Nd2 29. Rbd1 Nxf3+ 30. Kg2 d4 31. Kg3 Nxe5 32.
Rxd4 Rf8 33. f4 Bb5 34. Rb1 Rc8 35. fxe5 Rxc3+ 36. Kh4 g5+ 37. Kh5 Rxh3+
38. Kg6 Be8+ 39. Kf6 Rf3+ 40. Ke7 Bc6 41. Ba4 Bd5 42. Bb3 h5 43. Bxd5 exd5
44. Rxd5 g4 45. e6 h4 46. Kd6 Re3 47. e7 g3 48. Re5 1-0

[Event "Politiken Cup"]
[Site "Helsingor DEN"]
[Date "2009.07.18"]
[Round "1"]
[White "Rasmussen,Be"]
[Black "Arvola,B"]
[Result "0-1"]
[WhiteElo "1724"]
[BlackElo "2144"]
[EventDate "2009.07.18"]

1. d4 e6 2. c4 f5 3. g3 Nf6 4. Bg2 c6 5. Nf3 d5 6. b3 Bd6 7. O-O Qe7 8. Bb2
Ne4 9. Nc3 O-O 10. e3 Nd7 11. Nd2 Ndf6 12. f3 Ng5 13. Ne2 e5 14. f4 exf4
15. exf4 Qe3+ 16. Kh1 Nge4 17. Nxe4 Nxe4 18. Bxe4 Qxe4+ 19. Kg1 dxc4 20.
bxc4 Be6 21. Nc3 Qe3+ 22. Kg2 Bxc4 23. Re1 Qd3 24. Qxd3 Bxd3 25. d5 c5 26.
Re6 Rad8 27. a4 Bc4 28. Rd1 a6 29. Rd2 Rfe8 30. Rxe8+ Rxe8 31. Nd1 Re2+ 32.
Rxe2 Bxe2 33. Ne3 Bd3 34. Be5 Bf8 35. a5 Kf7 36. Kf2 Ke8 37. Ke1 g6 38. Kd2
Be4 39. Kc3 Kd7 40. Kc4 Bf3 41. Kc3 Be7 42. Kc4 Be2+ 43. Kc3 Bd8 44. Nc4
Bf3 45. d6 Kc6 46. Kd3 Be4+ 47. Kc3 Bd5 48. Nb6 Be6 0-1

[Event "Politiken Cup"]
[Site "Helsingor DEN"]
[Date "2009.07.18"]
[Round "1"]
[White "Hagen,T"]
[Black "Haubro,S"]
[Result "0-1"]
[WhiteElo "1716"]
[BlackElo "2144"]
[EventDate "2009.07.18"]

1. e4 d5 2. exd5 Qxd5 3. Nc3 Qa5 4. Nf3 Nf6 5. d4 c6 6. Bd2 Qc7 7. Bd3 Bg4
8. O-O e6 9. Re1 Bd6 10. h3 Bh5 11. Ne4 Nxe4 12. Rxe4 Bg6 13. Re3 Nd7 14.
Bxg6 hxg6 15. Qe2 Nf6 16. c4 Rh5 17. Ne5 c5 18. Bc3 Kf8 19. Rd1 cxd4 20.
Bxd4 Rc8 21. b3 b6 22. Ng4 Nd7 23. Red3 Be5 24. Bxe5 Nxe5 25. Nxe5 Rxe5 26.
Qd2 b5 27. Rd7 Qb6 28. Qb4+ Kg8 29. Qe7 Rf5 30. Qh4 g5 31. Qd4 bxc4 32.
bxc4 Qxd4 33. R7xd4 Ra5 34. Rd8+ Rxd8 35. Rxd8+ Kh7 36. Rd2 Kg6 37. Rc2 Rc5
38. Kf1 Kf5 39. Ke2 Ke4 40. g3 a5 41. f4 gxf4 42. gxf4 Kd4 0-1

[Event "Politiken Cup"]
[Site "Helsingor DEN"]
[Date "2009.07.18"]
[Round "1"]
[White "Jacobsen,P2"]
[Black "Schou Moldt,T"]
[Result "0-1"]
[WhiteElo "1711"]
[BlackElo "2142"]
[EventDate "2009.07.18"]

1. b3 e5 2. Bb2 Nc6 3. Nf3 e4 4. Nd4 Qf6 5. e3 Bc5 6. c3 Nge7 7. Nxc6 Nxc6
8. Qc2 Qg6 9. g3 d5 10. Bg2 Bf5 11. O-O O-O-O 12. a3 h5 13. b4 Bd6 14. c4
h4 15. cxd5 hxg3 16. dxc6 Rxh2 17. cxb7+ Kb8 18. Nc3 Rxg2+ 19. Kxg2 Bh3+
20. Kh1 g2+ 0-1

[Event "Politiken Cup"]
[Site "Helsingor DEN"]
[Date "2009.07.18"]
[Round "1"]
[White "Kragh,N"]
[Black "Zmylon,F"]
[Result "1-0"]
[WhiteElo "2140"]
[BlackElo "1707"]
[EventDate "2009.07.18"]

1. e4 c5 2. Nf3 Nc6 3. Nc3 g6 4. Bb5 Bg7 5. O-O d6 6. Re1 Bd7 7. Bxc6 Bxc6
8. d4 cxd4 9. Nxd4 Nf6 10. Bg5 Qb6 11. Nb3 Nd7 12. Nd5 Bxd5 13. exd5 Ne5
14. c4 h6 15. Be3 Qc7 16. c5 Nc4 17. Bd4 Be5 18. Qe2 1-0

[Event "Politiken Cup"]
[Site "Helsingor DEN"]
[Date "2009.07.18"]
[Round "1"]
[White "Capion,J"]
[Black "Andersson,C"]
[Result "0-1"]
[WhiteElo "1690"]
[BlackElo "2136"]
[EventDate "2009.07.18"]

1. e4 e6 2. d4 d5 3. e5 c5 4. c3 Nc6 5. Nf3 f6 6. Be3 fxe5 7. Nxe5 Nxe5 8.
dxe5 Qc7 9. f4 Bd7 10. Nd2 Ne7 11. g4 g5 12. Nf3 gxf4 13. Bxf4 Ng6 14. Qd2
Bg7 15. Qe3 O-O 16. Bg3 Bc6 17. Bg2 d4 18. cxd4 cxd4 19. Qe2 Qa5+ 20. Kd1
Ba4+ 0-1

[Event "Politiken Cup"]
[Site "Helsingor DEN"]
[Date "2009.07.18"]
[Round "1"]
[White "Astrom,L"]
[Black "Algra,J"]
[Result "0-1"]
[WhiteElo "1689"]
[BlackElo "2123"]
[EventDate "2009.07.18"]

1. e4 e6 2. d4 c5 3. c3 Nf6 4. e5 Nd5 5. Nf3 d6 6. c4 Nb4 7. dxc5 Qa5 8.
Nc3 dxe5 9. a3 N4c6 10. Be3 Bxc5 11. b4 Bxb4 12. axb4 Qxb4 13. Qd2 O-O 14.
Rb1 Qe7 15. Ne4 Rd8 16. Bc5 Qe8 17. Qg5 Nd7 18. Rd1 f6 19. Qg3 Kh8 20. Nd6
Qh5 21. Be2 Kg8 22. Nd4 Qh6 23. Nxe6 Nxc5 24. Nxc5 Nd4 25. Nxc8 Raxc8 26.
Ne4 Nc2+ 27. Kf1 Rxd1+ 28. Bxd1 Qc1 29. Qd3 Nd4 30. Nd6 Rc6 31. Nxb7 Rxc4
32. g3 Rc3 33. Kg2 Rxd3 34. Bb3+ Nxb3 35. Rxc1 Nxc1 0-1

[Event "Politiken Cup"]
[Site "Helsingor DEN"]
[Date "2009.07.18"]
[Round "1"]
[White "Ochsner,B"]
[Black "Pallesen,Jo"]
[Result "1-0"]
[WhiteElo "2119"]
[BlackElo "1701"]
[EventDate "2009.07.18"]

1. e4 c5 2. Nf3 g6 3. d4 cxd4 4. Nxd4 Nc6 5. c4 Bg7 6. Nc2 Nf6 7. Nc3 d6 8.
Be2 O-O 9. Be3 Bd7 10. O-O Rc8 11. f3 a6 12. Qd2 Na5 13. b3 Qc7 14. Nb4 Be6
15. Rac1 Qb8 16. Ncd5 Bxd5 17. cxd5 Rxc1 18. Rxc1 Rc8 19. Bb6 Rxc1+ 20.
Qxc1 Nh5 21. g4 Nf6 22. Bxa5 Qa7+ 23. Kg2 b6 24. Qc8+ Bf8 25. Nc6 Qd7 26.
Qxd7 Nxd7 27. Bc3 1-0

[Event "Politiken Cup"]
[Site "Helsingor DEN"]
[Date "2009.07.18"]
[Round "1"]
[White "Hansen,An"]
[Black "Pedersen,Pet2"]
[Result "0-1"]
[WhiteElo "2005"]
[BlackElo "2119"]
[EventDate "2009.07.18"]

1. Nf3 Nf6 2. b3 g6 3. Bb2 Bg7 4. d3 O-O 5. Nbd2 d6 6. g3 c5 7. Bg2 Nc6 8.
O-O Rb8 9. a4 a6 10. Nc4 b5 11. axb5 axb5 12. Na3 Bg4 13. h3 Bd7 14. e4 Qc8
15. Kh2 Ng4+ 16. hxg4 Bxb2 17. Ra2 Bg7 18. Nh4 Nb4 19. Ra1 Bxa1 20. Qxa1
Ra8 21. Qb2 Qa6 22. Ra1 Nc6 23. c3 Ne5 24. f3 Nxd3 25. Qb1 Ne5 26. Bf1 Qb6
27. g5 b4 28. Nc4 Nxc4 29. Rxa8 Rxa8 30. Bxc4 bxc3 31. Qc2 Qa5 32. Ng2 Qa1
33. g4 Ra2 34. Qd3 0-1

[Event "Politiken Cup"]
[Site "Helsingor DEN"]
[Date "2009.07.18"]
[Round "1"]
[White "Rasmussen,O"]
[Black "Porte,H"]
[Result "0-1"]
[WhiteElo "1751"]
[BlackElo "2115"]
[EventDate "2009.07.18"]

1. e4 c6 2. d4 d5 3. Nd2 dxe4 4. Nxe4 Bf5 5. Ng3 Bg6 6. h4 h6 7. h5 Bh7 8.
Nf3 Nd7 9. Bd3 Bxd3 10. Qxd3 Ngf6 11. Be3 e6 12. O-O-O Be7 13. Ne5 O-O 14.
f4 Nd5 15. Kb1 N7f6 16. c4 Nxe3 17. Qxe3 Qc7 18. Ne4 Rfd8 19. g4 c5 20.
Nxf6+ gxf6 21. Nf3 cxd4 22. Rxd4 Bc5 23. Rxd8+ Rxd8 24. Qe4 Qd7 25. Rf1
Qd3+ 26. Qxd3 Rxd3 27. Kc2 Re3 28. g5 Re4 29. Nd2 Re2 30. Kd1 Rh2 31. Ne4
Bd4 32. Nxf6+ Bxf6 33. gxf6 Rxh5 34. Rg1+ Kf8 35. Rg7 Rf5 36. Rh7 Ke8 37.
Rxh6 Rxf4 38. Rh8+ Kd7 39. Rb8 Kc7 40. Re8 Rxf6 41. Re7+ Kc6 42. b4 a6 43.
a4 Rf4 44. b5+ axb5 45. cxb5+ Kb6 46. Kd2 Rxa4 47. Rxf7 Rd4+ 48. Ke3 e5 49.
Re7 Rd5 50. Ke4 Rxb5 51. Re6+ Ka5 52. Kd3 Rc5 53. Re7 b5 54. Ra7+ Kb6 55.
Ra1 b4 56. Rb1 Kb5 57. Ra1 b3 0-1

[Event "Politiken Cup"]
[Site "Helsingor DEN"]
[Date "2009.07.18"]
[Round "1"]
[White "Nielsen,JanM"]
[Black "Skovle,L"]
[Result "1-0"]
[WhiteElo "2115"]
[BlackElo "1677"]
[EventDate "2009.07.18"]

1. e4 Nf6 2. e5 Nd5 3. d4 e6 4. f4 c5 5. c4 Nb6 6. d5 d6 7. Nc3 Na6 8. Nf3
Be7 9. Be3 O-O 10. Qd2 Re8 11. O-O-O Bd7 12. exd6 Bf6 13. Ne5 exd5 14. Nxd5
Nxd5 15. Qxd5 Bxe5 16. fxe5 Bc6 17. Qd2 Rxe5 18. Bd3 Qd7 19. Rhg1 Rae8 20.
Bf4 Nb4 21. Bxe5 Nxd3+ 22. Qxd3 Rxe5 23. Rde1 Re6 24. Rxe6 Qxe6 25. g4 Be4
26. Re1 f5 27. d7 Qh6+ 28. Qd2 1-0

[Event "Politiken Cup"]
[Site "Helsingor DEN"]
[Date "2009.07.18"]
[Round "1"]
[White "Seegert,K"]
[Black "Madsen,D"]
[Result "1-0"]
[WhiteElo "2103"]
[BlackElo "1579"]
[EventDate "2009.07.18"]

1. e4 d5 2. exd5 Nf6 3. Nf3 Qxd5 4. Nc3 Qa5 5. d4 c6 6. Bd2 Qd8 7. h3 Bf5
8. Bc4 e6 9. Bb3 Be7 10. Qe2 Na6 11. O-O-O O-O 12. Bf4 Nb4 13. g4 Bg6 14.
Ne5 Nfd5 15. Nxg6 hxg6 16. Nxd5 cxd5 17. c3 Rc8 18. Kb1 Nc6 19. Bg3 Na5 20.
Bc2 Nc4 21. Bd3 Qb6 22. h4 f5 23. h5 f4 24. hxg6 f3 25. Qc2 Na3+ 26. Ka1
Nxc2+ 27. Bxc2 Bg5 28. Rh7 Qd8 29. Rdh1 Bh6 30. Bh4 Qc7 31. Bg3 Rf4 32.
R1xh6 Kf8 33. Rh8+ Ke7 34. R6h7 1-0